Borussia Mönchengladbach - Bundesliga-Rekordtorschützen (TOP 50) - Statistiken

Allgemein
  • Dieses Quiz wurde 119 mal gespielt
  • Das Durchschnittsergebnis liegt bei 20 aus 50
Antwortstatistiken
Platz Name Nation Geburtstag Spiele Tore % Korrekt
1 Jupp Heynckes Deutschland 09.05.1945 283 195
92%
28 Marcus Thuram Frankreich 06.08.1997 109 34
84%
19 Alassane Plea Frankreich 10.03.1993 150 40
83%
8 Lars Stindl Deutschland 26.08.1988 220 61
82%
4 Günter Netzer Deutschland 14.09.1944 230 82
81%
12 Raffael Brasilien 28.03.1985 164 57
74%
16 Patrick Herrmann Deutschland 12.02.1991 341 47
73%
25 Marco Reus Deutschland 31.05.1989 97 36
70%
34 Thorgan Hazard Belgien 29.03.1993 147 31
65%
39 Juan Arango Venezuela 16.05.1980 155 25
64%
6 Allan Simonsen Dänemark 15.12.1952 178 76
59%
42 Breel Embolo Schweiz 14.02.1997 88 22
59%
22 Jonas Hofmann Deutschland 14.07.1992 182 38
59%
49 Ramy Bensebaini Algerien 16.04.1995 94 19
58%
10 Martin Dahlin Schweden 16.04.1968 125 60
55%
30 Stefan Effenberg Deutschland 02.08.1968 191 33
52%
33 Berti Vogts Deutschland 30.12.1946 419 32
51%
26 Lothar Matthäus Deutschland 21.03.1961 162 36
47%
50 Florian Neuhaus Deutschland 16.03.1997 146 18
45%
37 Oliver Neuville Deutschland 01.05.1973 119 27
40%
5 Uwe Rahn Deutschland 21.05.1962 227 81
40%
14 Herbert Wimmer Deutschland 09.11.1944 366 51
39%
44 Arie van Lent Niederlande 31.08.1970 77 21
38%
3 Hans-Jörg Criens Deutschland 16.12.1960 290 92
38%
2 Herbert Laumen Deutschland 11.08.1943 186 97
38%
18 Rainer Bonhof Deutschland 29.03.1952 231 42
38%
40 Max Kruse Deutschland 19.03.1988 66 23
37%
7 Frank Mill Deutschland 23.07.1958 153 71
35%
36 Heiko Herrlich Deutschland 03.12.1971 55 28
34%
9 Hans-Günter Bruns Deutschland 15.11.1954 331 61
26%
32 Jörgen Pettersson Schweden 29.09.1975 114 32
23%
11 Wilfried Hannes Deutschland 17.05.1957 261 58
23%
24 Karlheinz Pflipsen Deutschland 31.10.1970 197 37
20%
27 Ewald Lienen Deutschland 28.11.1953 244 36
19%
48 Peter Meyer Deutschland 18.02.1940 19 19
19%
29 Peter Wynhoff Deutschland 29.10.1968 240 34
19%
43 Martin Max Deutschland 07.08.1968 142 22
17%
41 Carsten Nielsen Dänemark 12.08.1955 109 23
16%
21 Horst Köppel Deutschland 17.05.1948 184 39
16%
46 Ulrik Le Fevre Dänemark 25.06.1946 90 21
16%
15 Bernd Rupp Deutschland 24.02.1942 119 50
15%
13 Christian Hochstätter Deutschland 19.10.1963 339 55
15%
17 Henning Jensen Dänemark 17.08.1949 125 44
14%
20 Thomas Kastenmaier Deutschland 31.05.1966 182 40
14%
31 Harald Nickel Deutschland 21.07.1953 65 32
12%
45 Kurt Pinkall Deutschland 25.06.1955 82 21
12%
23 Christian Kulik Deutschland 06.12.1952 220 38
9%
38 Dietmar Danner Deutschland 29.11.1950 179 27
8%
35 Hans-Jürgen Wittkamp Deutschland 23.07.1947 179 29
7%
47 Hans-Georg Dreßen Deutschland 30.12.1964 130 21
5%
Keine übereinstimmenden Quizze gefunden
Verteilung der Resultate
Anzahl Personen mit jedem Resultat
Perzentil nach korrekt beantworteten Fragen
Ihre Resultats-Entwicklung
Sie haben dieses Quiz noch nicht gespielt